Antología de Vinton G. Cerf / (Registro nro. 197698)

Detalles MARC
000 -LEADER
campo de control de longitud fija 01759nam a2200457 i 4500
001 - NÚMERO DE CONTROL
campo de control 197698
003 - IDENTIFICADOR DE NÚMERO DE CONTROL
campo de control ES-MaACL
005 - FECHA Y HORA DE LA ÚLTIMA TRANSACCIÓN
campo de control 20250708165835.0
006 - CÓDIGOS DE INFORMACIÓN DE LONGITUD FIJA--CARACTERÍSTICAS DEL MATERIAL ADICIONAL
campo de control de longitud fija m o d
007 - CAMPO FIJO DE DESCRIPCIÓN FÍSICA--INFORMACIÓN GENERAL
campo de control de longitud fija cr cnu||||||||
008 - DATOS DE LONGITUD FIJA--INFORMACIÓN GENERAL
campo de control de longitud fija 180601s2010 sp |o|||||000 0 spa d
017 ## - NÚMERO DE COPYRIGHT O DE DEPÓSITO LEGAL
Número de copyright o de depósito legal Z 706-2010
Agencia que asigna Oficina Depósito Legal Zaragoza
020 ## - NÚMERO INTERNACIONAL ESTÁNDAR DEL LIBRO
ISBN cancelado o inválido 9788492774807
Información calificativa versión en papel
035 ## - NÚMERO DE CONTROL DEL SISTEMA
Número de control de sistema (MiAaPQ)EBC5213607
035 ## - NÚMERO DE CONTROL DEL SISTEMA
Número de control de sistema (Au-PeEL)EBL5213607
035 ## - NÚMERO DE CONTROL DEL SISTEMA
Número de control de sistema (CaPaEBR)ebr11493240
035 ## - NÚMERO DE CONTROL DEL SISTEMA
Número de control de sistema (OCoLC)1019663561
035 ## - NÚMERO DE CONTROL DEL SISTEMA
Número de control de sistema EBC5213607
035 ## - NÚMERO DE CONTROL DEL SISTEMA
Número de control de sistema (SpMaBN)a6381726
035 ## - NÚMERO DE CONTROL DEL SISTEMA
Número de control de sistema 991017437659708606
040 ## - FUENTE DE CATALOGACIÓN
Centro catalogador/agencia de origen FlNmELB
Lengua de catalogación spa
Normas de descripción rda
Centro/agencia transcriptor FlNmELB
Centro/agencia modificador SpMaBN
050 #4 - SIGNATURA TOPOGRÁFICA DE LA BIBLIOTECA DEL CONGRESO
Número de clasificación QA76
Número de ítem C414 2010
080 ## - NÚMERO DE LA CLASIFICACIÓN DECIMAL UNIVERSAL
Número de la Clasificación Decimal Universal 004.738.5
100 1# - ENTRADA PRINCIPAL--NOMBRE DE PERSONA
Nombre de persona Cerf, Vinton G.,
Fechas asociadas al nombre 1943-
Término indicativo de función/relación Autor
9 (RLIN) 241124
245 10 - MENCIÓN DEL TÍTULO
Título Antología de Vinton G. Cerf /
Mención de responsabilidad, etc. traducción de Bibiana Erustes Camps ; revisión de José Luis Briz Velasco
264 #1 - PRODUCCIÓN, PUBLICACIÓN, DISTRIBUCIÓN, FABRICACIÓN Y COPYRIGHT
Producción, publicación, distribución, fabricación y copyright Zaragoza :
Nombre del de productor, editor, distribuidor, fabricante Prensas de la Universidad de Zaragoza,
Fecha de producción, publicación, distribución, fabricación o copyright 2010.
300 ## - DESCRIPCIÓN FÍSICA
Extensión 200 páginas :
Otras características físicas ilustrado ;
Dimensiones 20 cm
336 ## - TIPO DE CONTENIDO
Término de tipo de contenido text
Fuente rdacontent
337 ## - TIPO DE MEDIO
Nombre/término del tipo de medio computer
Fuente rdamedia
338 ## - TIPO DE SOPORTE
Nombre/término del tipo de soporte online resource
Fuente rdacarrier
504 ## - NOTA DE BIBLIOGRAFÍA, ETC.
Nota de bibliografía, etc. Contiene bibliografía
650 #7 - PUNTO DE ACCESO ADICIONAL DE MATERIA--TÉRMINO DE MATERIA
Término de materia o nombre geográfico como elemento de entrada Internet
Fuente del encabezamiento o término embne
9 (RLIN) 241125
700 ## - ENTRADA AGREGADA--NOMBRE PERSONAL
Nombre de persona Erustes Camps, Bibiana
Término indicativo de función/relación Traductor
9 (RLIN) 241126
700 ## - ENTRADA AGREGADA--NOMBRE PERSONAL
Nombre de persona Briz Velasco, José Luis
Término indicativo de función/relación Traductor
9 (RLIN) 241127
852 ## - LOCALIZACIÓN
Ubicación ES-MaACL
Ubicación en estantería Depósito 1
Número de control de estantería A-15762
Donativo/Legado Donación: Centro de Información Documental de Archivos
Encuadernación Encuadernación rústica con solapas
itemnumber 206120
914 ## - NOMBRE ENTIDAD DE DONANTE
Nombre de congreso/reunión o jurisdicción como elemento de entrada Centro de Información Documental de Archivos
Unidad subordinada Donante
942 ## - ELEMENTOS DE ENTRADA SECUNDARIOS (KOHA)
Suprimir en OPAC No
Tipo de ítem Koha Libro impreso
Existencias
Estatus retirado Estado de pérdida Fuente del sistema de clasificación o colocación Estado de daño No para préstamo Biblioteca de origen Biblioteca actual Ubicación en estantería Fecha de adquisición Fuente de adquisición Total de préstamos Signatura topográfica completa Visto por última vez Precio de reemplazo Tipo de ítem Koha
    Clasificación decimal universal     Biblioteca del Ateneo de Madrid Biblioteca del Ateneo de Madrid Depósito 1 27/06/2025 Donación   A-15762 27/06/2025 27/06/2025 Libro impreso